Василь Григорович - замість спогадів : [ Про укр. письменника , головного редактора ж-лу " Україна " В. Г. Большака ] (Запис № 293982)

МАРК-запис
000 -Лідер
fixed length control field 00638nam a22001817a 4500
003 - Ідентифікатор контрольного номера
control field UA-OsUOA
001 - Контрольний номер
control field 7821
007 - Фіксоване поле фізичного опису
fixed length control field ta
008 - Елементи даних фіксованої довжини – загальна інформація
fixed length control field 20040629b un ||||| |||| 00| 0 ukr d
040 ## - Джерело каталогізації
Агенція оригінальної каталогізації UA-OsUOA
Агенція, яка здійснювала перезапис UA-OsUOA
Агенція, яка здійснювала модифікацію UA-OsUOA
100 ## - Основне введення – ім’я особи
Ім’я особи (НП) Скуратівський В.
245 ## - Відомості про назву
Назва (НП) Василь Григорович - замість спогадів : [ Про укр. письменника , головного редактора ж-лу " Україна " В. Г. Большака ]
300 ## - Фізичний опис
Обсяг С.131-134
650 #7 - Додаткове предметне введення – тематичний термін
Тематичний термін чи географічна назва, як елемент введення (НП) Большак В.
Джерело заголовка чи терміна UDC
773 0# - Введення хост-одиниці (П)
Контрольний номер запису (П) 0
Назва (НП) Сучасність
Місце, видавець та дата видання (НП) Київ
-- 2004
Інформація про взаємозв’язок (П) №6
942 ## - Додаткові елементи входу (Коха)
Тип елемента Koha Стаття періодики
955 ## - Код типу видання за змістом
Код типу видання за змістом (НП) інше

Немає доступних примірників.